000 00735nam a2200253 i 4500
001 C2-0340757
003 PPAK
005 20180728142616.0
008 170208s2009 mau |||| ||||| | eng d
020 _a9781422139813
040 _aPPAK
_beng
_cPPAK
_erda
082 0 4 _a658.314
_223
090 0 0 _a658.314
_bMOT
_dLCK
245 0 0 _aMotivating people
264 1 _aBoston, Massachusetts :
_bHarvard Business School Publishing ,
_c2009
300 _ax, 97 pages ;
_c18 cm
336 _2rdacontent
_atext
337 _2rdamedia
_aunmediated
338 _2rdacarrier
_avolume
490 1 _aLessons learned
650 1 0 _aEmployee motivation. ; Leadership. ; Motivation (Psychology).
830 0 _aLessons learned
942 _ddc
_cB
999 _c137895
_d137895